ARRUPE JESUIT UNIVERSITY

CORONAVIRUS -STOP THE SPREAD - CLEAN,DISINFECT,COVER

Handwriting, (Record no. 129459)

MARC details
000 -LEADER
fixed length control field 00740cam a22002411 4500
001 - CONTROL NUMBER
control field 2637355
003 - CONTROL NUMBER IDENTIFIER
control field ARRUPE
005 - DATE AND TIME OF LATEST TRANSACTION
control field 20190425121110.0
008 - FIXED-LENGTH DATA ELEMENTS--GENERAL INFORMATION
fixed length control field 770920s1952 nyua b 000 0 eng
010 ## - LIBRARY OF CONGRESS CONTROL NUMBER
LC control number 52007197
040 ## - CATALOGING SOURCE
Original cataloging agency DLC
Transcribing agency MB
Modifying agency DLC
050 00 - LIBRARY OF CONGRESS CALL NUMBER
Classification number BF891
Item number .R68
082 00 - DEWEY DECIMAL CLASSIFICATION NUMBER
Classification number 137.75
300 ## - PHYSICAL DESCRIPTION
Other physical details illus.
Dimensions 22 cm.
100 1# - MAIN ENTRY--PERSONAL NAME
Personal name Roman, Klara G.
Fuller form of name (Klara Goldzieher)
9 (RLIN) 45982
245 10 - TITLE STATEMENT
Title Handwriting,
Remainder of title a key to personality.
Statement of responsibility, etc Klara G. Roman
260 ## - PUBLICATION, DISTRIBUTION, ETC. (IMPRINT)
Place of publication, distribution, etc [New York]
Name of publisher, distributor, etc The Noonday Press
Date of publication, distribution, etc [1962]
300 ## - PHYSICAL DESCRIPTION
Extent xi, 382 p.
504 ## - BIBLIOGRAPHY, ETC. NOTE
Bibliography, etc Bibliography: p. 363-370.
650 #0 - SUBJECT ADDED ENTRY--TOPICAL TERM
Topical term or geographic name as entry element Graphology.
9 (RLIN) 45983
906 ## - LOCAL DATA ELEMENT F, LDF (RLIN)
a 7
b cbc
c orignew
d u
e ocip
f 19
g y-gencatlg
942 ## - ADDED ENTRY ELEMENTS (KOHA)
Source of classification or shelving scheme Library of Congress Classification
Koha item type Monograph ( Printed materials)
Holdings
Withdrawn status Lost status Source of classification or shelving scheme Damaged status Not for loan Collection code Home library Current library Shelving location Date acquired Total Checkouts Full call number Barcode Date last seen Price effective from Koha item type
    Library of Congress Classification     Main Collection ARRUPE LIBRARY ARRUPE LIBRARY Main Collection 25/04/2019   BF891 .R68 46600004563 25/04/2019 25/04/2019 Monograph ( Printed materials)

 

Arrupe Library. PO Box MP320 Mt Pleasant, Harare, Zimbabwe
263 242 745411|librarian@aju.ac.zw